000 00190nam a2200085Ia 4500
008 170620s9999 xx 000 0 und d
100 _aRai
245 0 _aConsitution of India
260 _bCentral Law Pub.
260 _c2001
999 _c28530
_d28530